000 01509nam0a2200349 4500
001 RU\NLR\BIBL_A\022600502
005 20260420052009.0
010 _a978-5-00245-206-4
_9100
021 _aRU
_bКН-П-25-035926
_9КН-П-25-3535
035 _a(NLR Aleph) 022600502
090 _a13681414
_c13681414
100 _a20250813d2024 u y0rusy50 ca
101 0 _arus
102 _aRU
105 _aa|||j|||000yy
181 0 _ai3
_baxxe
182 0 _an
200 1 _aНеорганические и органические вяжущие
_eучебно-методическое пособие
_fБикбулатова Б. М., Кайнов П. А.
203 _aТекст
_bвизуальный
_cнепосредственный
210 _aКазань
_cШкола
_d2024
215 _a89 с.
_cил., цв. ил., табл.
_d20
300 _aАвт. указаны на обороте тит. с.
320 _aБиблиогр.: с. 88-89 (14 назв.)
606 1 _aВяжущие строительные материалы
_jУчебно-методические пособия для высших учебных заведений
_91131300
_3RU\NLR\AUTH\66130132
686 1 _aЛ45я73-1
686 1 _aН32я73-1
700 1 _aБикбулатова
_bГ. М.
_gГузелия Мансуровна
701 1 _aКайнов
_bП. А.
_gПетр Александрович
942 _cBOOK
980 _aNB